Geochemické mapovanie pôd Slovenska

Bibliographic Details
Main Author: Čurlík, Ján, 1941- (Author)
Format: Article
Language:Slovak
Subjects:

MARC

LEADER 00000nab a2200000 a 4500
001 vtls000608304
003 SK-MaSNL
005 20260303013851.0
008 160401c1996 xo 0 slo
015 |a SNBRB19rr/mm-uuuuu 
035 |a CL0608443 
040 |a SNKBUCL  |b slo  |c SNKBUCL  |e AACR2 
041 0 |a slo 
044 |a xo  |c SK 
080 |a 631.41(437.6):550.4  |2 1981 
080 |a 550.4  |2 1981 
100 1 |a Čurlík, Ján,  |d 1941-  |4 aut  |9 41294 
245 1 0 |a Geochemické mapovanie pôd Slovenska  |c Ján Čurlík 
650 0 7 |a pôda  |2 snkbucl  |9 1159 
655 7 |a články z novín a časopisov  |2 snkbucl  |9 267496 
773 0 |t Roľnícke noviny  |g Č. 282 (3. 12. 1996) 
773 0 |t [Príl.] Pôdy Slovenska  |g S. 5 a 8 
850 |a Slovenská národná knižnica v Martine  |a MTA001 
852 |a SNK  |b KIS3GCP 
958 |a SK 
958 |a RK 
958 |a RBX 
999 |c 1604840  |d 1606770